000 00593cam a2200217 4500500
005 20260329002727.0
041 _afre
042 _adc
100 1 0 _aNathan, Tobie
_eauthor
245 0 0 _aSuburbia
260 _c2013.
500 _a71
690 _aBruce Bégout
690 _aCirculation
690 _aMarchandise
690 _aSuburbia
690 _aUrbanité
690 _aVille
786 0 _nPhilosophie magazine | 70 | 6 | 2013-06-01 | p. 58-58 | 1951-1787
856 4 1 _uhttps://shs.cairn.info/magazine-philosophie-magazine-2013-6-page-58?lang=fr&redirect-ssocas=7080
999 _c1817806
_d1817806